Tratado de economia social (Record no. 135302)

MARC details
000 -LEADER
campo de control de longitud fija 00656nam a2200205 i 4500
001 - NÚMERO DE CONTROL
campo de control 135302
003 - IDENTIFICADOR DE NÚMERO DE CONTROL
campo de control ES-MaACL
005 - FECHA Y HORA DE LA ÚLTIMA TRANSACCIÓN
campo de control 20250902231241.0
007 - CAMPO FIJO DE DESCRIPCIÓN FÍSICA--INFORMACIÓN GENERAL
campo de control de longitud fija t|
008 - DATOS DE LONGITUD FIJA--INFORMACIÓN GENERAL
campo de control de longitud fija 070716q1911 sp |||| | spa d
080 ## - NÚMERO DE LA CLASIFICACIÓN DECIMAL UNIVERSAL
Número de la Clasificación Decimal Universal 330.82
100 1# - ENTRADA PRINCIPAL--NOMBRE DE PERSONA
Nombre de persona Toniolo, Giuseppe (
Fechas asociadas al nombre 1845-1918)
9 (RLIN) 110574
245 10 - MENCIÓN DEL TÍTULO
Título Tratado de economia social
Resto del título : introducción /
Mención de responsabilidad, etc. por José Toniolo ; traducción, prólogo y notas por Amando Castroviejo.
260 ## - PUBLICACIÓN, DISTRIBUCIÓN, ETC.
Lugar de publicación, distribución, etc. Madrid :
Nombre del editor, distribuidor, etc. [G. López Horno,
Fecha de publicación, distribución, etc. 1911?]
300 ## - DESCRIPCIÓN FÍSICA
Extensión 2 v. ;
Dimensiones 19 cm.
650 #7 - PUNTO DE ACCESO ADICIONAL DE MATERIA--TÉRMINO DE MATERIA
Término de materia o nombre geográfico como elemento de entrada Economía social
Fuente del encabezamiento o término embne
9 (RLIN) 12036
700 1# - ENTRADA AGREGADA--NOMBRE PERSONAL
Nombre de persona Castroviejo, Amando.
9 (RLIN) 36990
852 ## - LOCALIZACIÓN
Ubicación ES-MaACL
Número de control de estantería F-1717-18
Holdings
Estatus retirado Estado de pérdida Estado de daño No para préstamo Biblioteca de origen Biblioteca actual Ubicación en estantería Fecha de adquisición Fuente de adquisición Total de préstamos Signatura topográfica completa Código de barras Visto por última vez Precio de reemplazo Tipo de ítem Koha
        Biblioteca del Ateneo de Madrid Biblioteca del Ateneo de Madrid Depósito 2 17/01/2008     F-1717-18 1140825 23/02/2023 23/02/2023 Libro impreso